000 01293nam a2200325 i 4500
003 DO-SdBNP
005 20250916131611.0
007 ta
008 221122b1989 dr ac||| |||| 00| 0 spa d
040 _aDO-SdBNP
_bspa
_cBNPHU
_erda
041 _aspa
082 4 _a972.93053
_bB171me 1989
_222
100 1 _a Balaguer, Joaquín,
_d1906-2002
_eautor
_4aut.
_976556
245 1 0 _aMemorias de un cortesano en la "Era de Trujillo" /
_cJoaquín Balaguer.
250 _aNovena edición
264 1 _aSanto Domingo, República Dominicana :
_bEditora Corripio :
_c1989.
300 _a477 páginas :
_bilustraciones, retratos ;
_c25 cm.
336 _atexto
_btxt
_2rdacontent
337 _asin mediación
_bn
_2rdamedia
338 _avolumen
_bnc
_2rdacarrier
500 _aIncluye referencias bibliográficas y notas al pie de las páginas.
590 _aInventariado 2022 / BT
600 1 4 _a Balaguer, Joaquín,
_d1906-2002
_976556
600 1 4 _aTrujillo Molina, Rafael Leónidas,
_d 1891-1961
_976764
650 4 _aPresidentes
_vBiografías
_zRepública Dominicana
_954449
651 4 _aRepública Dominicana
_xPolítica y gobierno
_y1930-1961
_9479
651 4 _aRepública Dominicana
_xPolítica y gobierno
_y1961 -
_9204
910 _aBtavárez/Validado control de calidad MFF
942 _2ddc
_cLBS1
999 _c52983
_d52983